| 000 | 00582nam a2200157 a 4500 | ||
|---|---|---|---|
| 001 | BRCA_1415 | ||
| 005 | 20190320203421.0 | ||
| 008 | 930111s1961 mx-a---###---s000-0#spa-# | ||
| 050 | 4 |
_aNK845.G8 _b.R83 1961 |
|
| 100 | 1 |
_aRubín de la Borbolla, Daniel _94623 |
|
| 245 | 1 | 0 |
_aLas artes populares guanajuatenses _cpor Daniel F. Rubín de la Borbolla. |
| 260 |
_aGuanajuato, Gto. _bGobierno del Estado de Guanajuato con la colaboración del Museo Nacional de Artes e Industrias Populares _c1961 |
||
| 300 |
_a115 p. _bil. _c21 cm. |
||
| 650 | 1 | 4 |
_aArte popular _zMéxico _9882 |
| 942 |
_2lcc _cB |
||
| 999 |
_c1277 _d1277 |
||